000 01523nam a22003614a 4500
001 vtls003194433
003 MY-SjTCS
005 20200306171034.0
006 m u
007 cr cn|||||||||
008 100712s2003 ne a sb 001 0 eng
010 _z 2003-062908
020 _z1588114511 (U.S. : alk. paper)
020 _z9027253587 (Eur.)
035 _a(CaPaEBR)ebr10052873
039 9 _y201007121649
_zVLOAD
040 _aCaPaEBR
_cCaPaEBR
050 1 4 _aP90
_b.R378 2003eb
082 0 4 _a302.2
_222
245 0 0 _aRethinking communicative interaction
_h[electronic resource] :
_bnew interdisciplinary horizons /
_cedited by Colin B. Grant.
260 _aAmsterdam ;
_aPhiladelphia, PA :
_bJ. Benjamins,
_cc2003.
300 _aviii, 325 p. :
_bill. ;
_c23 cm.
490 1 _aPragmatics & beyond,
_x0922-842X ;
_vnew ser., v. 116
504 _aIncludes bibliographical references and indexes.
529 _aTSLHHL
533 _aElectronic reproduction.
_bPalo Alto, Calif. :
_cebrary,
_d2009.
_nAvailable via World Wide Web.
_nAccess may be limited to ebrary affiliated libraries.
650 0 _aCommunication.
_9295997
655 7 _aElectronic books.
_2local
_9201578
700 1 _aGrant, Colin B.
_9295998
710 2 _aebrary, Inc.
_925628
830 0 _aPragmatics & beyond
_x0922-842X ;
_vnew ser., v. 116.
_9295999
856 4 0 _uhttps://ezproxy.taylors.edu.my/login?url=http://site.ebrary.com/lib/taylorscollege/Doc?id=10052873
_zAn electronic book accessible through the World Wide Web; click to view
999 _c66793